| 000 | 01292 a2200241 4500 | ||
|---|---|---|---|
| 003 | Nust | ||
| 005 | 20170207154014.0 | ||
| 010 | _a 2003042011 | ||
| 020 | _a0071402039 (alk. paper) | ||
| 040 | _cNust | ||
| 082 | 0 | 0 | _a621.319/24 |
| 100 | 1 | _aTuck, David. | |
| 245 | 1 | 0 |
_aElectrician's instant answers / _cDavid Tuck, Gary Tuck. |
| 260 |
_aNew York : _bMcGraw-Hill, _cc2003. |
||
| 300 |
_axvii, 365 p. : _bill. ; _c21 cm. |
||
| 500 | _aIncludes index. | ||
| 505 | _aChapter 1: Understanding Circuits 1 Chapter 2: Temporary Wiring 11 Chapter 3: Exterior Wiring15 Chapter 4: New Construction 41 Chapter 5: Installation Tips, Tricks, and Techniques 41 Chapter 6: Home Automation . 73 Chapter 7: Lighting 83 Chapter 8: Electric Heating Units ..147 Chapter 9: HVAC Electricity and Wiring 151 Chapter 10: Materials 185 Chapter 11: Tools 239 Chapter 12: Troubleshooting and Repairs.255 Chapter 13: Getting Work . 269 Chapter 14: Keeping Jobs on Track . 287 Chapter 15: Worksite Safety 303 Chapter 16: First Aid 319 | ||
| 650 | 0 | _aElectric contracting | |
| 650 | 0 | _aElectric wiring | |
| 700 | 1 | _aTuck, Gary. | |
| 856 | 4 | 2 |
_3Contributor biographical information _uhttp://www.loc.gov/catdir/bios/mh041/2003042011.html |
| 856 | 4 | 2 |
_3Table of contents _uhttp://www.loc.gov/catdir/toc/mh031/2003042011.html |
| 942 |
_2ddc _cBK |
||
| 999 |
_c191353 _d191353 |
||